|
|
|
|
| LEADER |
00000nas a2200000 a 4500 |
| 001 |
ssj0000394602 |
| 003 |
WaSeSS |
| 005 |
20200512172242.0 |
| 006 |
m d |
| 007 |
cr n |
| 008 |
090715c20099999ksubr p s 0 a0eng |
| 010 |
|
|
|a 2009208233
|
| 022 |
|
|
|y 2150-0037
|
| 035 |
|
|
|a (WaSeSS)ssj0000394602
|
| 037 |
|
|
|b Penton Media, Inc., 9800 Metcalf Ave.,Overland Park, KS 66212-2216
|
| 040 |
|
|
|a DLC
|b eng
|c DLC
|d INU
|d OCLCF
|d OCLCO
|d DLC
|d RDF
|d WaSeSS
|
| 042 |
|
|
|a pcc
|a nsdp
|
| 050 |
0 |
0 |
|a HF5415
|b .C52616
|
| 082 |
1 |
0 |
|a 658
|2 14
|
| 222 |
|
0 |
|a Chief marketer
|
| 245 |
0 |
0 |
|a Chief marketer
|h [electronic resource].
|
| 246 |
1 |
3 |
|a Chief!Marketer
|
| 260 |
|
|
|a Overland Park, KS :
|b Penton Business Media
|
| 310 |
|
|
|a Bimonthly
|
| 362 |
1 |
|
|a Began with Vol. 1, no. 1 (Apr./May 2009).
|
| 506 |
|
|
|a License restrictions may limit access.
|
| 515 |
|
|
|a Vol. 4, no. 1 (Feb./Mar. 2012)-v. 4, no. 4 (Aug./Sept. 2012) misnumbered as v. 3, no. 7-v. 3, no. 10.
|
| 588 |
|
|
|a Description based on: V. 1, no. 1 (Apr./May 2009); title from cover.
|
| 588 |
|
|
|a Latest issue consulted: Vol. 4, issue 5 (Oct./Nov. 2012).
|
| 650 |
|
0 |
|a Marketing
|v Periodicals.
|
| 650 |
|
0 |
|a Direct marketing
|z United States
|x Management
|v Periodicals.
|
| 650 |
|
0 |
|a Advertising, Direct-mail
|z United States
|x Management
|v Periodicals.
|
| 650 |
|
7 |
|a Advertising, Direct-mail
|x Management.
|2 fast
|0 (OCoLC)fst00797922
|
| 650 |
|
7 |
|a Direct marketing
|x Management.
|2 fast
|0 (OCoLC)fst00894553
|
| 650 |
|
7 |
|a Marketing.
|2 fast
|0 (OCoLC)fst01010167
|
| 651 |
|
7 |
|a United States.
|2 fast
|0 (OCoLC)fst01204155
|
| 655 |
|
0 |
|a Electronic journals.
|
| 780 |
0 |
0 |
|t Direct (Stamford, Conn.)
|x 1046-4174
|w (DLC) 89648501
|w (OCoLC)20316133
|
| 850 |
|
|
|a DLC
|
| 856 |
4 |
0 |
|z Full text available from Research Library: 04/01/2009 to 03/28/2013
|u https://search.proquest.com/publication/186253
|